01411nam a2200289Ia 4500001000600000003000900006008004100015040001300056040001300069041001300082100001700095100002900112240004900141240003500190245005700225245005700282250001100339260001200350260001500362260004900377300005700426500051700483650004101000650003101041700002001072700002901092A9409IT-RoPAU130308s9999 xx 000 0 und d aIT-RoPAU cIT-RoPAU aITALIANO aRicoeur Paul gCodice Aut. SPICS: 2052 aMETAPHER. ZUR HERMENEUTIK RELIGIOSER SPRACHE gCodice Tit. Orig. Spics: T2441 aDire Dio-Per un'ermeneutica del linguaggio religioso bDire Dio-Per Un'Ermeneutica del Linguaggio Religioso a1a ed. aBRESCIA bQueriniana c1978 [1° Ed.:1978 - Ed.Ling.Originale:1974] a"182 p. (prefazione: no ; testo: 182 [pagine: 0-0])" aDue contributi di Paul Ricoeur: Ermeneutica Filosofica ed Ermeneutica Religiosa (Testo e Interpretazione, Ermeneutica Biblica). posizione e Funzione della Metafora nel Linguaggio Biblico (Semantica della Metafora, Metafora Erealtà, Metafora e Parabola, Parabola e Altre Espressioni Limite).Un Contributo di Eberhard Jungel: Verità Metaforica, Riflessioni Sulla rilevanza Teologica della Metafora Come Contributo All'Ermeneutica di una Teologia Narrativa.Editoriale di Giuseppe Grampa Dedicato a Paul Ricoeur. aSAGGI TEOLOGIA COMUNICAZIONE SOCIALE eCodice materia Spics: 9211 aJungel Eberhard gCodice Aut. SPICS: 36730